Selected research papers

Saved in:
Bibliographic Details
Main Author: Pontriagin, L. S. (Lev Semenovich), 1908-1988
Other Authors: Gamkrelidze, R. V. (Editor)
Format: Book
Language:English
Published: New York : Gordon and Breach Science Publishers, c1986.
Series:L.S. Pontryagin selected works
Classics of Soviet mathematics
Subjects:
Tags: Add Tag
No Tags, Be the first to tag this record!

MARC

LEADER 00000cam a2200000 i 4500
001 1/57553
008 941103s1986 nyu| ||| |||| ||eng||
020 |a 2881241050 
035 |l 10045757 
035 |a 1994  |c ΧΑΤΖΗΣΑΒΒΑΣ 
040 |a GR-MyUA  |b gre  |e AACR2 
041 0 |a eng 
082 0 |a 514   |2 (19) 
100 1 |a Pontriagin, L. S.   |q (Lev Semenovich),   |d 1908-1988. 
245 1 0 |a Selected research papers /   |c edited by R.V. Gamkrelidze.  
260 |a New York :   |b Gordon and Breach Science Publishers,   |c c1986.  
300 |a xx, 618 σ. :   |b εικ. ;   |c 24 εκ.  
490 1 |a (Classics of Soviet mathematics)  
490 1 |a (L.S. Pontryagin selected works ;   |v 1) 
500 |a English, French, and German 
504 |a Βιβλιογραφία: σ. 609-618.  
650 0 0 |a Topology. 
650 0 0 |a Control theory. 
650 0 0 |a Game theory. 
700 1 |a Gamkrelidze, R. V.  |e edt 
830 0 |a L.S. Pontryagin selected works 
830 0 |a Classics of Soviet mathematics 
852 |a INST  |b SAMOS  |e 19941103  |h 514 PON  |p 005300003575  |q 005300003575  |t BK  |y 0  |z v.1 
852 |a INST  |b SAMOS  |e 19941103  |h 514 PON  |p 005300003575  |q 005300003575  |t BK  |v v.1:  |y 0  |z v.1 
853 |a INST  |b SAMOS  |h 514 PON 
909 |a Σ  |b 034538